[Event "Hofheim Spring op 7th"]
[Site "Hofheim"]
[Date "2019.04.26"]
[Round "7"]
[White "Khaetsky, Roman"]
[Black "Degenhardt, Horst"]
[Result "1-0"]
[WhiteElo "2344"]
[BlackElo "2223"]
[PlyCount "103"]
[EventDate "2019.04.23"]
[EventType "swiss"]
[EventRounds "9"]
[EventCountry "GER"]
[SourceTitle "CBM 190 Extra"]
[Source "ChessBase"]
[SourceDate "2019.07.15"]
[SourceVersion "1"]
[SourceVersionDate "2019.07.15"]
[SourceQuality "1"]

1. e4 c6 2. d4 d5 3. e5 c5 4. dxc5 e6 5. c4 Bxc5 6. Nc3 Ne7 7. cxd5 exd5 8. Nf3 Nbc6 9. Bd3 Be6 10. 0-0 h6 11. Na4 b6 12. a3 a5 13. Bd2 Bg4 14. h3 Bxf3 15. Qxf3 Bd4 16. Be3 Bxe5 17. Bxb6 Bc7 18. Bxc7 Qxc7 19. Nc3 Rd8 20. Rad1 0-0 21. Bb1 Rd7 22. Nxd5 Nxd5 23. Rxd5 Rfd8 24. Rxd7 Qxd7 25. Qe4 g6 26. Ba2 Qd6 27. Re1 Kg7 28. Qf3 Rd7 29. Qc3+ Kh7 30. Bb3 Nd4 31. Ba4 Rc7 32. Qe3 Rc5 33. Qe7 Qxe7 34. Rxe7 Rc1+ 35. Kh2 Kg7 36. Rd7 Ne6 37. Ra7 Rc5 38. b4 axb4 39. axb4 Rf5 40. Bd7 Kf6 41. f3 Rf4 42. b5 Rb4 43. Be8 Ng5 44. Kg3 Rb3 45. Bc6 Ne6 46. Bd7 Nc5 47. Bc6 Ne6 48. Rb7 Nc5 49. Bd5 Nxb7 50. Bxb3 Ke5 51. Bxf7 Nd6 52. b6 1-0

[Event "Hofheim Spring op 7th"]
[Site "Hofheim"]
[Date "2019.04.24"]
[Round "3"]
[White "Degenhardt, Horst"]
[Black "Henrich, David"]
[Result "1/2-1/2"]
[WhiteElo "2223"]
[BlackElo "2168"]
[PlyCount "21"]
[EventDate "2019.04.23"]
[EventType "swiss"]
[EventRounds "9"]
[EventCountry "GER"]
[SourceTitle "CBM 190 Extra"]
[Source "ChessBase"]
[SourceDate "2019.07.15"]
[SourceVersion "1"]
[SourceVersionDate "2019.07.15"]
[SourceQuality "1"]

1. d4 d6 2. e4 Nf6 3. Nd2 e5 4. c3 exd4 5. cxd4 Be7 6. Ngf3 0-0 7. Bd3 c5 8. 0-0 cxd4 9. Nxd4 Nc6 10. N2b3 Re8 11. Re1 1/2-1/2

[Event "Rheinland Pfalz op Seniors 16th"]
[Site "Neustadt an der Weinstrasse"]
[Date "2018.07.14"]
[Round "8"]
[White "Biebinger, Gerhard"]
[Black "Degenhardt, Horst"]
[Result "1/2-1/2"]
[WhiteElo "2263"]
[BlackElo "2206"]
[PlyCount "30"]
[EventDate "2018.07.07"]
[EventType "swiss"]
[EventRounds "9"]
[EventCountry "GER"]
[SourceTitle "EXT 2019"]
[Source "ChessBase"]
[SourceDate "2018.10.10"]
[SourceVersion "1"]
[SourceVersionDate "2018.10.10"]
[SourceQuality "1"]

1. d4 d5 2. c4 e6 3. Nf3 a6 4. cxd5 exd5 5. Bf4 Bd6 6. Bg3 Nf6 7. Nc3 Bf5 8. e3 0-0 9. Bd3 Bxd3 10. Qxd3 Re8 11. Qc2 c6 12. a3 a5 13. Rb1 Qe7 14. Bxd6 Qxd6 15. 0-0 Nbd7 1/2-1/2

[Event "Boeblingen op 34th"]
[Site "Boeblingen"]
[Date "2017.12.28"]
[Round "5"]
[White "Nemeth, Miklos"]
[Black "Degenhardt, Horst"]
[Result "1-0"]
[WhiteElo "2487"]
[BlackElo "2244"]
[PlyCount "59"]
[EventDate "2017.12.26"]
[EventType "swiss"]
[EventRounds "9"]
[EventCountry "GER"]
[SourceTitle "CBM 182 Extra"]
[Source "ChessBase"]
[SourceDate "2018.02.23"]
[SourceVersion "1"]
[SourceVersionDate "2018.02.23"]
[SourceQuality "1"]

1. e4 c6 2. d4 d5 3. e5 c5 4. dxc5 e6 5. a3 Bxc5 6. Nf3 Nc6 7. b4 Bb6 8. Bd3 Nge7 9. 0-0 Ng6 10. Bb2 Nf4 11. Bb5 a6 12. Bxc6+ bxc6 13. g3 Ng6 14. c4 0-0 15. c5 Bc7 16. Nbd2 f6 17. Re1 Bd7 18. Re3 a5 19. Qe1 f5 20. Rd3 f4 21. g4 h5 22. h3 a4 23. Rd1 Qe8 24. Nc4 hxg4 25. hxg4 Ne7 26. Nd6 Qg6 27. Nh2 f3 28. Qc3 d4 29. Qxd4 Nd5 30. Qe4 1-0

[Event "Boeblingen op 34th"]
[Site "Boeblingen"]
[Date "2017.12.27"]
[Round "2"]
[White "Degenhardt, Horst"]
[Black "Iniyan, Panneerseluam"]
[Result "0-1"]
[WhiteElo "2244"]
[BlackElo "2452"]
[PlyCount "46"]
[EventDate "2017.12.26"]
[EventType "swiss"]
[EventRounds "9"]
[EventCountry "GER"]
[SourceTitle "CBM 182 Extra"]
[Source "ChessBase"]
[SourceDate "2018.02.23"]
[SourceVersion "1"]
[SourceVersionDate "2018.02.23"]
[SourceQuality "1"]

1. d4 Nf6 2. Nf3 d6 3. Nbd2 Bf5 4. Nh4 Bd7 5. e4 e5 6. Nhf3 exd4 7. Nxd4 g6 8. Be2 Bg7 9. c3 0-0 10. 0-0 Re8 11. Qc2 Nc6 12. N4f3 d5 13. exd5 Nxd5 14. Nc4 Bf5 15. Qd2 Nxc3 16. bxc3 Qxd2 17. Bxd2 Rxe2 18. Rfe1 Bd3 19. Rxe2 Bxe2 20. Ne3 Rd8 21. Be1 Bxf3 22. gxf3 Ne5 23. Kg2 Nd3 0-1

[Event "Deizisau op 12th"]
[Site "Deizisau"]
[Date "2017.10.31"]
[Round "7"]
[White "Degenhardt, Horst"]
[Black "Hoeglauer, Patrick"]
[Result "0-1"]
[WhiteElo "2266"]
[BlackElo "2342"]
[PlyCount "84"]
[EventDate "2017.10.28"]
[EventType "swiss"]
[EventRounds "7"]
[EventCountry "GER"]
[SourceTitle "CBM 181 Extra"]
[Source "ChessBase"]
[SourceDate "2017.12.12"]
[SourceVersion "1"]
[SourceVersionDate "2017.12.12"]
[SourceQuality "1"]

1. d4 Nf6 2. Nf3 e6 3. Nbd2 d5 4. e3 c5 5. b3 Nc6 6. Bb2 Be7 7. a3 0-0 8. Bd3 b6 9. 0-0 Bb7 10. Qe2 Rc8 11. Ne5 Nd7 12. Nxd7 Qxd7 13. dxc5 bxc5 14. f4 f5 15. Nf3 Bf6 16. Bxf6 Rxf6 17. Bb5 Qd6 18. Bxc6 Qxc6 19. Rf2 Qd6 20. c3 Rff8 21. Qd2 Qb6 22. b4 a5 23. Rb1 axb4 24. axb4 Rfd8 25. Qe1 Ba6 26. b5 Bb7 27. Ne5 Ra8 28. Rfb2 Ra4 29. Qh4 Qd6 30. Rd2 Rda8 31. Qf2 Ra1 32. Rdd1 R1a4 33. h3 Qb6 34. Rb2 R4a5 35. Rdb1 Ra3 36. Rb3 c4 37. Rxa3 Rxa3 38. Qd2 Qa5 39. Rb4 Rb3 40. Rxc4 Qa1+ 41. Kh2 Rb2 42. Qd4 Qf1 0-1

[Event "Deizisau op 12th"]
[Site "Deizisau"]
[Date "2017.10.28"]
[Round "1"]
[White "Degenhardt, Horst"]
[Black "Bitzenauer, Sebastian"]
[Result "1-0"]
[WhiteElo "2266"]
[BlackElo "1891"]
[PlyCount "71"]
[EventDate "2017.10.28"]
[EventType "swiss"]
[EventRounds "7"]
[EventCountry "GER"]
[SourceTitle "CBM 181 Extra"]
[Source "ChessBase"]
[SourceDate "2017.12.12"]
[SourceVersion "1"]
[SourceVersionDate "2017.12.12"]
[SourceQuality "1"]

1. d4 Nf6 2. Nf3 g6 3. Nbd2 Bg7 4. e4 d6 5. c3 0-0 6. Be2 c5 7. dxc5 dxc5 8. 0-0 Nc6 9. Qc2 Qc7 10. a4 b6 11. Nc4 Rd8 12. h3 e5 13. Bg5 h6 14. Bxf6 Bxf6 15. Ne3 Be6 16. Bc4 Bxc4 17. Nxc4 Ne7 18. Rfd1 Kg7 19. Qb3 Rab8 20. Rxd8 Rxd8 21. a5 Nc8 22. h4 Nd6 23. axb6 axb6 24. Nxd6 Rxd6 25. Qc4 Qd8 26. Ra7 Rd7 27. Rxd7 Qxd7 28. g3 Kf8 29. b4 Qc6 30. b5 Qa8 31. Qd3 Ke7 32. Nd2 Ke6 33. Nc4 Qd8 34. Qe2 h5 35. Ne3 Qa8 36. Qc4+ 1-0

[Event "GER-chA Seniors 28th"]
[Site "Niederhausen"]
[Date "2016.08.19"]
[Round "7"]
[White "Degenhardt, Horst"]
[Black "Ackermann, Hans Werner"]
[Result "1/2-1/2"]
[WhiteElo "2257"]
[BlackElo "2352"]
[PlyCount "83"]
[EventDate "2016.08.13"]
[EventType "swiss"]
[EventRounds "9"]
[EventCountry "GER"]
[SourceTitle "EXT 2019"]
[Source "ChessBase"]
[SourceDate "2018.10.10"]
[SourceVersion "1"]
[SourceVersionDate "2018.10.10"]
[SourceQuality "1"]

1. e4 d6 2. d4 Nf6 3. Nd2 e5 4. c3 c6 5. Ngf3 Qc7 6. Bd3 h6 7. 0-0 Be7 8. Re1 Nbd7 9. Nf1 Nf8 10. Nh4 g6 11. Ng3 Ne6 12. Nf3 Ng7 13. Bf1 Bg4 14. Be3 Kf8 15. Be2 Be6 16. dxe5 dxe5 17. Nd2 Rd8 18. a4 b6 19. h3 h5 20. Qc2 h4 21. Ngf1 Ngh5 22. Bc4 Bc8 23. Nf3 Ne8 24. b4 Bf6 25. a5 b5 26. Bb3 Kg7 27. N1h2 Nf4 28. Bxf4 exf4 29. e5 Be7 30. Qe4 c5 31. bxc5 Bf5 32. Qxf4 Qxc5 33. Re3 Nc7 34. Nd4 Rh5 35. Nhf3 Ne6 36. Nxf5+ Rxf5 37. Qe4 Rf4 38. Qc2 Nc7 39. Rd3 Rxd3 40. Qxd3 b4 41. cxb4 Rxb4 42. a6 1/2-1/2

[Event "GER-chA Seniors 28th"]
[Site "Niederhausen"]
[Date "2016.08.16"]
[Round "4"]
[White "Degenhardt, Horst"]
[Black "Hilburt, Leonid"]
[Result "1-0"]
[WhiteElo "2257"]
[BlackElo "2139"]
[PlyCount "51"]
[EventDate "2016.08.13"]
[EventType "swiss"]
[EventRounds "9"]
[EventCountry "GER"]
[SourceTitle "EXT 2019"]
[Source "ChessBase"]
[SourceDate "2018.10.10"]
[SourceVersion "1"]
[SourceVersionDate "2018.10.10"]
[SourceQuality "1"]

1. e4 e5 2. Nf3 Nc6 3. Nc3 Nf6 4. a3 a6 5. d4 exd4 6. Nxd4 Nxd4 7. Qxd4 d6 8. Bc4 Be7 9. Bg5 0-0 10. 0-0 Nd5 11. Nxd5 Bxg5 12. f4 Be7 13. f5 Bf6 14. Nxf6+ Qxf6 15. Qxf6 gxf6 16. Rf4 Re8 17. Re1 Bd7 18. Re3 Bc6 19. Rh4 Kf8 20. Kf2 b5 21. Bb3 h6 22. Rxh6 Rxe4 23. Rxf6 Rxe3 24. Rxf7+ Ke8 25. Kxe3 Bxg2 26. Rg7 1-0

[Event "Karl Mala Memorial op-A 17th"]
[Site "Frankfurt"]
[Date "2014.08.02"]
[Round "4"]
[White "Degenhardt, Horst"]
[Black "Korneev, Oleg"]
[Result "1/2-1/2"]
[WhiteElo "2261"]
[BlackElo "2594"]
[PlyCount "114"]
[EventDate "2014.07.31"]
[EventType "swiss"]
[EventRounds "7"]
[EventCountry "GER"]
[SourceTitle "EXT 2015"]
[Source "ChessBase"]
[SourceDate "2014.11.20"]
[SourceVersion "1"]
[SourceVersionDate "2014.11.20"]
[SourceQuality "1"]

1. e4 e5 2. Nf3 Nc6 3. Bc4 Bc5 4. c3 Nf6 5. d3 a6 6. Bb3 Ba7 7. 0-0 d6 8. Nbd2 0-0 9. h3 h6 10. Re1 Nh5 11. Nf1 Qf6 12. Be3 Bxe3 13. fxe3 g6 14. g4 Ng7 15. Ng3 Be6 16. Kh2 Rad8 17. Bd5 Ne7 18. Bxe6 Qxe6 19. Rg1 d5 20. Qe2 dxe4 21. dxe4 Kh7 22. b3 Qd6 23. Rgd1 Qc5 24. Rd3 Rxd3 25. Qxd3 Nc6 26. b4 Qb6 27. Kg2 Rd8 28. Qe2 Qb5 29. Qxb5 axb5 30. Kf2 Ne8 31. Ke2 Nd6 32. Nd2 Ra8 33. a3 Nb8 34. Kd3 Nd7 35. c4 c5 36. bxc5 Nxc5+ 37. Kc3 bxc4 38. Nxc4 Ndxe4+ 39. Nxe4 Nxe4+ 40. Kb4 Re8 41. Rf1 f6 42. Na5 Re6 43. Kb5 Nc3+ 44. Kc4 b6 45. Kxc3 bxa5 46. Kc4 g5 47. Rb1 Rd6 48. Rb5 Rd1 49. Rxa5 Rh1 50. Kd5 Rxh3 51. Ke6 Kg6 52. Ra8 h5 53. Rg8+ Kh7 54. Kf7 hxg4 55. Rg7+ Kh6 56. Rg8 Kh7 57. Rg7+ Kh6 1/2-1/2

[Event "Karl Mala Memorial op-A 17th"]
[Site "Frankfurt"]
[Date "2014.07.31"]
[Round "1"]
[White "Lanz, Udo"]
[Black "Degenhardt, Horst"]
[Result "0-1"]
[WhiteElo "1884"]
[BlackElo "2261"]
[PlyCount "78"]
[EventDate "2014.07.31"]
[EventType "swiss"]
[EventRounds "7"]
[EventCountry "GER"]
[SourceTitle "EXT 2015"]
[Source "ChessBase"]
[SourceDate "2014.11.20"]
[SourceVersion "1"]
[SourceVersionDate "2014.11.20"]
[SourceQuality "1"]

1. c4 e5 2. Nc3 Bb4 3. g3 Bxc3 4. bxc3 Nc6 5. Bg2 d6 6. d3 Nge7 7. Nh3 h6 8. 0-0 Be6 9. f4 Qd7 10. Nf2 exf4 11. gxf4 f5 12. Rb1 Rb8 13. Qe1 0-0 14. Nd1 d5 15. cxd5 Bxd5 16. Rb2 Bxg2 17. Kxg2 Rf6 18. Ne3 Rg6+ 19. Kf2 Nd5 20. Nxd5 Qxd5 21. Rg1 Ne7 22. Rg3 Re6 23. Qg1 g6 24. c4 Qd4+ 25. Kf1 Qc3 26. Kg2 Kf7 27. Re3 Rb6 28. Rxb6 axb6 29. Qd1 Nc6 30. Bd2 Qb2 31. Qc1 Qxc1 32. Bxc1 Ra8 33. a3 Nd4 34. Bb2 Nc2 35. Rh3 h5 36. d4 Re8 37. Kf2 Re4 38. e3 c5 39. Ke2 Nxd4+ 0-1

[Event "Karl Mala Memorial op-A 16th"]
[Site "Frankfurt"]
[Date "2013.07.14"]
[Round "7"]
[White "Plueg, Andreas"]
[Black "Degenhardt, Horst"]
[Result "1/2-1/2"]
[WhiteElo "2300"]
[BlackElo "2246"]
[PlyCount "152"]
[EventDate "2013.07.11"]
[EventType "swiss"]
[EventRounds "7"]
[EventCountry "GER"]
[SourceTitle "EXT 2014"]
[Source "ChessBase"]
[SourceDate "2013.11.20"]
[SourceVersion "1"]
[SourceVersionDate "2013.11.20"]
[SourceQuality "1"]

1. d4 d6 2. Nf3 Nf6 3. c3 Nbd7 4. Bf4 Nh5 5. Bg5 h6 6. Bh4 g5 7. Bg3 Ndf6 8. Nbd2 Bf5 9. e3 Bg7 10. Bc4 e6 11. Qb3 Qc8 12. Bb5+ Ke7 13. Be2 Nxg3 14. hxg3 c6 15. Nh2 Qc7 16. c4 Nd7 17. Bd3 Qb6 18. Qxb6 Nxb6 19. Bxf5 exf5 20. 0-0 Rhe8 21. Nhf3 c5 22. b3 Kd7 23. Rad1 Kc6 24. Rfe1 Rad8 25. d5+ Kc7 26. e4 fxe4 27. Rxe4 Rxe4 28. Nxe4 f5 29. Ned2 Re8 30. Kf1 Nd7 31. Re1 Rxe1+ 32. Nxe1 Be5 33. a4 a6 34. Ke2 Nf6 35. Nc2 f4 36. gxf4 Bxf4 37. Ne3 b5 38. axb5 axb5 39. Nf5 h5 40. f3 bxc4 41. bxc4 g4 42. fxg4 hxg4 43. Kd3 Bxd2 44. Kxd2 Nd7 45. Ne3 Ne5 46. Kc3 Kd8 47. Kb3 Kc7 48. Nf5 Kd7 49. Kc3 Kc7 50. Ng3 Kd7 51. Ne4 Ke7 52. Nd2 Kf6 53. Ne4+ Ke7 54. Kb3 Nd3 55. Ka4 Ne5 56. Kb5 Kd7 57. Nc3 Kc7 58. Na4 Nd7 59. Nb2 Ne5 60. Nd1 Kb7 61. Ne3 Kc7 62. Ka6 Kd8 63. Kb7 Kd7 64. Kb8 Kd8 65. Kb7 Kd7 66. g3 Kd8 67. Nf5 Kd7 68. Nh6 Nxc4 69. Nxg4 Nd2 70. Ne3 c4 71. g4 c3 72. Ka6 Ke7 73. Kb5 Kf6 74. Kb4 Ne4 75. Kc4 Ke5 76. Kd3 Nf2+ 1/2-1/2

[Event "Karl Mala Memorial op-A 16th"]
[Site "Frankfurt"]
[Date "2013.07.13"]
[Round "5"]
[White "Held, Carsten"]
[Black "Degenhardt, Horst"]
[Result "1/2-1/2"]
[WhiteElo "2065"]
[BlackElo "2246"]
[PlyCount "30"]
[EventDate "2013.07.11"]
[EventType "swiss"]
[EventRounds "7"]
[EventCountry "GER"]
[SourceTitle "EXT 2014"]
[Source "ChessBase"]
[SourceDate "2013.11.20"]
[SourceVersion "1"]
[SourceVersionDate "2013.11.20"]
[SourceQuality "1"]

1. Nf3 Nf6 2. c4 d6 3. g3 g6 4. Bg2 Bg7 5. Nc3 0-0 6. 0-0 Nc6 7. d3 e5 8. a3 a5 9. Rb1 h6 10. b4 axb4 11. axb4 Be6 12. b5 Ne7 13. Bb2 Qd7 14. Re1 Bh3 15. Bh1 Ng4 1/2-1/2

[Event "Hofheim Spring op-A 1st"]
[Site "Hofheim"]
[Date "2013.04.06"]
[Round "8"]
[White "Pogan, Nikolas"]
[Black "Degenhardt, Horst"]
[Result "1-0"]
[WhiteElo "2227"]
[BlackElo "2260"]
[PlyCount "55"]
[EventDate "2013.04.02"]
[EventType "swiss"]
[EventRounds "9"]
[EventCountry "GER"]
[SourceTitle "CBM 153 Extra"]
[Source "ChessBase"]
[SourceDate "2013.04.22"]
[SourceVersion "1"]
[SourceVersionDate "2013.04.22"]
[SourceQuality "1"]

1. d4 d6 2. Nf3 Nf6 3. g3 g6 4. Bg2 Bg7 5. 0-0 0-0 6. c4 Nc6 7. Nc3 Bf5 8. d5 Na5 9. Nd2 c5 10. h3 a6 11. e4 Bd7 12. Rb1 Ne8 13. Qc2 b5 14. b3 Rb8 15. Bb2 e6 16. Kh2 bxc4 17. bxc4 Nc7 18. f4 exd5 19. Nxd5 Nxd5 20. cxd5 Ba4 21. Qc1 Bxb2 22. Rxb2 Rxb2 23. Qxb2 Qb6 24. Qf6 Qb4 25. Nf3 c4 26. f5 c3 27. Ng5 Qb6 28. fxg6 1-0

[Event "Hofheim Spring op-A 1st"]
[Site "Hofheim"]
[Date "2013.04.03"]
[Round "3"]
[White "Degenhardt, Horst"]
[Black "Friedrich, Norbert"]
[Result "1/2-1/2"]
[WhiteElo "2260"]
[BlackElo "2340"]
[PlyCount "39"]
[EventDate "2013.04.02"]
[EventType "swiss"]
[EventRounds "9"]
[EventCountry "GER"]
[SourceTitle "CBM 153 Extra"]
[Source "ChessBase"]
[SourceDate "2013.04.22"]
[SourceVersion "1"]
[SourceVersionDate "2013.04.22"]
[SourceQuality "1"]

1. e4 c5 2. Nc3 a6 3. Nf3 e6 4. g3 b5 5. Bg2 Bb7 6. d4 b4 7. Na4 cxd4 8. Nxd4 Nf6 9. Qe2 Nc6 10. Nb3 d6 11. Bg5 Be7 12. e5 dxe5 13. Nac5 Bxc5 14. Nxc5 Qe7 15. Nxb7 Qxb7 16. Bxf6 gxf6 17. Qf3 Rc8 18. Qxf6 0-0 19. Qg5+ Kh8 20. Qf6+ 1/2-1/2

[Event "Hofheim Spring op-A 1st"]
[Site "Hofheim"]
[Date "2013.04.03"]
[Round "2"]
[White "Petkov, Vladimir"]
[Black "Degenhardt, Horst"]
[Result "1/2-1/2"]
[WhiteElo "2566"]
[BlackElo "2260"]
[PlyCount "107"]
[EventDate "2013.04.02"]
[EventType "swiss"]
[EventRounds "9"]
[EventCountry "GER"]
[SourceTitle "CBM 153 Extra"]
[Source "ChessBase"]
[SourceDate "2013.04.22"]
[SourceVersion "1"]
[SourceVersionDate "2013.04.22"]
[SourceQuality "1"]

1. d4 d6 2. c4 e5 3. Nf3 e4 4. Ng5 f5 5. Nc3 Be7 6. Nh3 Nf6 7. Nf4 c6 8. e3 0-0 9. b3 Na6 10. d5 Nc7 11. Bb2 Ng4 12. Be2 Ne5 13. dxc6 bxc6 14. c5 g5 15. cxd6 Bxd6 16. Nh5 Ba6 17. 0-0 Nd3 18. Bxd3 Bxd3 19. Re1 Qe7 20. Ng3 Rac8 21. Qh5 Ne6 22. Na4 Qf7 23. Qxf7+ Rxf7 24. Rac1 h6 25. Red1 Kh7 26. Nf1 Bb4 27. Bc3 Ba3 28. Nb2 Nc5 29. Nxd3 Nxd3 30. Rb1 c5 31. Nd2 Bb4 32. Ba1 Bxd2 33. Rxd2 c4 34. Rc2 Rfc7 35. b4 Rb7 36. a3 Kg6 37. h3 a6 38. Bd4 Kf7 39. f3 Ke6 40. Rf1 exf3 41. gxf3 Kd5 42. Bc3 Re7 43. e4+ fxe4 44. fxe4+ Rxe4 45. Rf5+ Kd6 46. Bg7 g4 47. Bxh6 gxh3 48. Kh2 Re5 49. Rf1 a5 50. Bf4 Nxf4 51. Rxf4 axb4 52. axb4 c3 53. Rf3 Rb5 54. Rfxc3 1/2-1/2

[Event "Hessenliga 1011"]
[Site "Germany"]
[Date "2011.02.13"]
[Round "6.2"]
[White "Fromme, Ernst"]
[Black "Degenhardt, Horst"]
[Result "1/2-1/2"]
[WhiteElo "2193"]
[BlackElo "2278"]
[PlyCount "27"]
[EventDate "2010.09.26"]
[EventType "team-tourn"]
[EventRounds "9"]
[EventCountry "GER"]
[SourceTitle "EXT 2012"]
[Source "ChessBase"]
[SourceDate "2011.11.24"]
[SourceVersion "1"]
[SourceVersionDate "2011.11.24"]
[SourceQuality "1"]
[WhiteTeam "Bad Nauheim"]
[BlackTeam "Lorsch"]
[WhiteTeamCountry "GER"]
[BlackTeamCountry "GER"]

1. d4 d6 2. e4 Nf6 3. Bd3 e5 4. Nf3 Nbd7 5. c3 g6 6. h3 Bg7 7. Bg5 h6 8. Be3 0-0 9. Nbd2 Qe7 10. Qc2 d5 11. dxe5 Nxe4 12. Nxe4 dxe4 13. Bxe4 Nxe5 14. Nxe5 1/2-1/2

[Event "Rhein Main op 13th"]
[Site "Bad Homburg"]
[Date "2010.06.05"]
[Round "5"]
[White "Degenhardt, Horst"]
[Black "Specht, Christian"]
[Result "1/2-1/2"]
[WhiteElo "2278"]
[BlackElo "2128"]
[PlyCount "81"]
[EventDate "2010.06.02"]
[EventType "swiss"]
[EventRounds "7"]
[EventCountry "GER"]
[SourceTitle "EXT 2011"]
[Source "ChessBase"]
[SourceDate "2010.11.26"]
[SourceVersion "1"]
[SourceVersionDate "2010.11.26"]
[SourceQuality "1"]

1. e4 c5 2. Nc3 Nc6 3. Bb5 d6 4. Bxc6+ bxc6 5. f4 Nf6 6. d3 g6 7. Nf3 Bg7 8. 0-0 0-0 9. Qe1 Nd7 10. e5 Nb6 11. Bd2 Bf5 12. b3 Qd7 13. Ne4 Bg4 14. Rd1 f6 15. exd6 exd6 16. c4 Rfe8 17. Qh4 Rf8 18. Bc3 Bxf3 19. Rxf3 f5 20. Nf6+ Bxf6 21. Bxf6 Rae8 22. Bc3 d5 23. cxd5 cxd5 24. Be5 Qe6 25. Qf2 Nd7 26. d4 Nxe5 27. dxe5 Rc8 28. Rfd3 Rfd8 29. Qd2 d4 30. b4 cxb4 31. Rxd4 Qb6 32. Kf1 Rxd4 33. Qxd4 Qxd4 34. Rxd4 a5 35. Ke2 g5 36. g3 gxf4 37. gxf4 Rc2+ 38. Rd2 Rc3 39. Rd3 Rc2+ 40. Rd2 Rc3 41. Rd3 1/2-1/2

[Event "Rhein Main op 13th"]
[Site "Bad Homburg"]
[Date "2010.06.03"]
[Round "2"]
[White "May, Juergen"]
[Black "Degenhardt, Horst"]
[Result "0-1"]
[WhiteElo "2023"]
[BlackElo "2278"]
[PlyCount "120"]
[EventDate "2010.06.02"]
[EventType "swiss"]
[EventRounds "7"]
[EventCountry "GER"]
[SourceTitle "EXT 2011"]
[Source "ChessBase"]
[SourceDate "2010.11.26"]
[SourceVersion "1"]
[SourceVersionDate "2010.11.26"]
[SourceQuality "1"]

1. e4 d6 2. d4 Nf6 3. Nc3 e5 4. dxe5 dxe5 5. Qxd8+ Kxd8 6. Bc4 Ke8 7. Nf3 Bd6 8. h3 a6 9. a4 Nbd7 10. Be3 Bb4 11. Bd2 b6 12. 0-0 Bb7 13. Rfe1 c6 14. Nb1 Bxd2 15. Nbxd2 Ke7 16. Bb3 b5 17. c3 h6 18. Bc2 Rhc8 19. Nb3 Rab8 20. Na5 Ba8 21. Re3 c5 22. axb5 axb5 23. Nb3 c4 24. Nbd2 Ne8 25. Ree1 Nd6 26. Ra7 Bb7 27. Nh2 Ra8 28. Rxa8 Rxa8 29. f3 Ra2 30. Rb1 Nc5 31. Nhf1 g6 32. Ne3 Ke6 33. g4 Na4 34. Bxa4 Rxa4 35. Nc2 f5 36. gxf5+ gxf5 37. exf5+ Kxf5 38. Nb4 Ra8 39. Kf2 Rg8 40. Nc2 h5 41. Ne3+ Ke6 42. h4 e4 43. fxe4 Nxe4+ 44. Nxe4 Bxe4 45. Ra1 Rf8+ 46. Ke2 Bd3+ 47. Ke1 Ke5 48. Ra7 Kf4 49. Re7 Kf3 50. Re5 Rf4 51. Nd1 Re4+ 52. Rxe4 Bxe4 53. Kf1 Bc2 54. Nf2 Kg3 55. Ke2 Kxh4 56. Kf3 Kg5 57. Nh3+ Kf5 58. Kg3 Bd1 59. Nf2 Bg4 60. Nh1 Ke4 0-1

[Event "Rhein Main op 13th"]
[Site "Bad Homburg"]
[Date "2010.06.02"]
[Round "1"]
[White "Degenhardt, Horst"]
[Black "Will, Patrick"]
[Result "1-0"]
[WhiteElo "2278"]
[BlackElo "1930"]
[PlyCount "139"]
[EventDate "2010.06.02"]
[EventType "swiss"]
[EventRounds "7"]
[EventCountry "GER"]
[SourceTitle "EXT 2011"]
[Source "ChessBase"]
[SourceDate "2010.11.26"]
[SourceVersion "1"]
[SourceVersionDate "2010.11.26"]
[SourceQuality "1"]

1. e4 c6 2. d4 d5 3. Nc3 dxe4 4. Nxe4 Bf5 5. Ng3 Bg6 6. h4 h6 7. Nf3 Nd7 8. h5 Bh7 9. Bd3 Bxd3 10. Qxd3 e6 11. Bf4 Qa5+ 12. Bd2 Bb4 13. c3 Be7 14. c4 Qc7 15. 0-0-0 Ngf6 16. Qe2 0-0 17. Kb1 Rfe8 18. Ne5 c5 19. Nxd7 Nxd7 20. Bc3 cxd4 21. Bxd4 Nf6 22. b3 a5 23. a4 Rad8 24. Ne4 Qf4 25. f3 Nxe4 26. Qxe4 Qxe4+ 27. fxe4 Rc8 28. Rh3 Kf8 29. Rhd3 Bc5 30. Be5 f6 31. Bd6+ Bxd6 32. Rxd6 Kf7 33. Rb6 Re7 34. Rb5 Ra8 35. Rd6 g6 36. g4 gxh5 37. gxh5 Rc7 38. Kc2 Ra7 39. Rbb6 Re7 40. Rd8 Ra6 41. Rxa6 bxa6 42. Rd6 Rc7 43. Rxa6 Rc5 44. Ra7+ Ke8 45. Rb7 Rxh5 46. Kd3 Kd8 47. Kd4 f5 48. exf5 Rxf5 49. c5 Rf4+ 50. Ke5 Rf5+ 51. Kd6 Rd5+ 52. Kc6 Rd3 53. Rb5 h5 54. Kb7 h4 55. c6 Rc3 56. Rxa5 Rxb3+ 57. Rb5 Rc3 58. a5 h3 59. a6 h2 60. a7 h1Q 61. a8Q+ Ke7 62. Qc8 Qe4 63. Rb6 Rd3 64. Qg8 Rf3 65. Qg5+ Ke8 66. Kb8 Rf8 67. Rb7 Rf7 68. Qh5 Qf4+ 69. Kc8 Qf5 70. Qxf7+ 1-0

[Event "Einhausen Ried op 5th"]
[Site "Einhausen"]
[Date "2010.05.01"]
[Round "5"]
[White "Degenhardt, Horst"]
[Black "Donchenko, Alexander"]
[Result "1-0"]
[WhiteElo "2290"]
[BlackElo "2094"]
[PlyCount "39"]
[EventDate "2010.04.29"]
[EventType "swiss"]
[EventRounds "7"]
[EventCountry "GER"]
[SourceTitle "CBM 136 Extra"]
[Source "ChessBase"]
[SourceDate "2010.07.02"]
[SourceVersion "2"]
[SourceVersionDate "2010.07.15"]
[SourceQuality "1"]

1. e4 d6 2. d4 Nf6 3. Nc3 g6 4. Be3 c6 5. h3 Nbd7 6. f4 b5 7. Bd3 e5 8. dxe5 dxe5 9. Nf3 Qc7 10. Qd2 Nh5 11. fxe5 Nxe5 12. Nxe5 Qxe5 13. 0-0-0 Be6 14. Bxb5 Qc7 15. g4 Ng7 16. Bf4 Qb7 17. Nd5 0-0-0 18. Qa5 Rxd5 19. exd5 cxb5 20. Qc3+ 1-0